000 00637nam a22002177a 4500
005 20170124110021.0
010 _aB-044934
020 _c78.00
035 _aB-044934
037 _bCen Lib/Ret
040 _aDPL
_bEN
082 _a500
_bUPK
245 _aUpkar's practice sets :
_cby H. P. Sharma...[et al.].
_bmedical entrance test /
260 _aAgra
_bUpkar Prakashan
270 _bAgra
_aB-2/19 B, Lawrence Road
_e282002
300 _avii,227p.:
_c24cm(Hb)
_bill.
650 _aMedical entrance
_919786
650 _aExamination plan
_919787
700 _aSharma, H. P.
_919788
942 _2ddc
_cEN
_h500
_mUPK
999 _c127207
_d127207